000 00478nam a2200181Ia 4500
001 11302
005 20260306162818.0
008 260306t2013||||xx |||||||||||||| ||spa||
041 _aESP
082 _a985.033
_bG91
100 _aGuibovich Pérez, Pedro
_eAUT
245 0 _aLecturas prohibidas:
_bla censura inquisitorial en el Perú tardío colonial
260 _c2013
300 _a313 páginas :
_c21 cm.
650 _aGEN
654 _aCHU
942 _cLIB
_dJUS
_fJUS
_2ddc
_n
999 _c11302
_d11302